000 00219 a2200097 4500
000 nam a22 7a 4500
005 20260302124747.0
100 _aRoy, Arundhati
245 _aMother Mary Comes to Me
942 _cTEXL
999 _c1688388
_d1688388